Politika flexiistoty ako možné riešenie súčasných problémov na trhoch práce v krajinách EÚ diplomová práca

Saved in:
Bibliographic Details
Main Author: Pruszkayová, Zuzana
Corporate Author: Národohospodárska fakulta EU. Katedra sociálneho rozvoja a práce
Other Authors: Přívara, Andrej, 1983-
Format: Book
Language:Slovak
Published: Bratislava 2015
Tags: Add Tag
No Tags, Be the first to tag this record!

MARC

LEADER 00000nbm a2200000 4500
001 0201112
005 20161212095550.0
041 0 |a slo 
044 |a SK 
245 1 0 |a Politika flexiistoty ako možné riešenie súčasných problémov na trhoch práce v krajinách EÚ  |b diplomová práca  |c Zuzana Pruszkayová ; školiteľ: Andrej Přívara 
264 1 |a Bratislava  |c 2015 
300 |a 70 s. 
100 1 |a Pruszkayová, Zuzana 
700 1 |a Přívara, Andrej, 1983- 
710 2 |a Národohospodárska fakulta EU. Katedra sociálneho rozvoja a práce